Control comercial y cambiario en la teoría y en la práctica
-д хадгалсан:
| Үндсэн зохиолч: | |
|---|---|
| Формат: | Ном |
| Хэл сонгох: | испани |
| Хэвлэсэн: |
Ciudad de México
Centro de Estudios Monetarios Latinoamericanos
1962
|
| Цуврал: | Biblioteca Financiera
|
| Нөхцлүүд: | |
| Шошгууд: |
Шошго нэмэх
Шошго байхгүй, Энэхүү баримтыг шошголох эхний хүн болох!
|
MARC
| LEADER | 00000nam a2200000 a 4500 | ||
|---|---|---|---|
| 001 | UCT7707 | ||
| 003 | CL-VaPUC | ||
| 008 | 970317e19620000MX |||||||||||||||||spa|d | ||
| 082 | 0 | 4 | |a 332.15 |b EVI |2 21 |
| 100 | 0 | |a Evitt, H. E |e author |9 378735 | |
| 245 | 1 | 0 | |a Control comercial y cambiario en la teoría y en la práctica |
| 300 | |a 149 p | ||
| 942 | |c BK | ||
| 945 | |d 19970317 00:00:00 |a nastorga | ||
| 260 | |a Ciudad de México |b Centro de Estudios Monetarios Latinoamericanos |c 1962 | ||
| 650 | 7 | |a INSTITUCIONES BANCARIAS |2 CL-VaPUC |9 378736 | |
| 650 | 0 | |a Política monetaria |9 258279 | |
| 650 | 0 | |a Comercio |9 255341 | |
| 650 | 0 | |a Economía |9 255568 | |
| 650 | 0 | |a Estado |9 255503 | |
| 650 | 7 | |a DIVISAS |2 CL-VaPUC |9 372696 | |
| 650 | 7 | |a TRANSACCIONES |2 CL-VaPUC |9 375998 | |
| 650 | 0 | |a Acuerdos económicos |9 348030 | |
| 650 | 0 | |a Inversiones |9 345867 | |
| 650 | 0 | |a Dinero |9 314331 | |
| 650 | 0 | |a Capital |9 263726 | |
| 650 | 7 | |a IMPORTACIONES |2 CL-VaPUC |9 359079 | |
| 650 | 7 | |a EXPORTACIONES |2 CL-VaPUC |9 255382 | |
| 583 | |a last modification |c 19970317 00:00:00 |k Rodrigo Vera | ||
| 490 | 0 | |a Biblioteca Financiera | |
| 999 | |c 256255 |d 256253 | ||
| 952 | |0 0 |1 0 |4 0 |6 332_150000000000000_EVI_1962 |7 0 |8 P |9 278910 |a BIBDER |b BIBDER |d 2019-11-19 |i 1810030 |o 332.15 EVI 1962 |p 1810030 |r 2023-01-25 |w 2019-11-19 |y BK |k DER | ||